• 首页
  • 本馆介绍
  • 公告通知
  • 最新文献
  • 馆藏检索
  • 电子资源
  • 读者导购
  • 参考咨询
  • 我的图书馆
  • 登录
  • 详细信息显示
  • 放入我的书架
  • 预约/预借图书
  • 作者相关作品
  • 分类相关作品
  • 丛书相关作品
  • 出版社相关作品

书目信息

  • 表格格式
  • 工作单格式
  • 卡片格式
题名:
时间依赖变分不等式的理论及应用
    
 
作者: 李为 , 闫莉 著
分册:  
出版信息: 成都   四川大学出版社  2020.10
页数: 103页
开本: 26cm
丛书名:
单 册:
中图分类: O178
科图分类:
主题词: 变分不等式--研究
电子资源:
ISBN: 978-7-5690-3849-1
000 01208nam0 2200265 45
001 012001000239
005 20140910173045.0
010    @a978-7-5690-3849-1@dCNY28.00
100    @a20210111d2020 em y0chiy50 ea
101 0  @achi
102    @aCN@b510000
105    @ay z 000yy
106    @ar
200 1  @a时间依赖变分不等式的理论及应用@Ashi jian yi lai bian fen bu deng shi de li lun ji ying yong@b专著@dTheories and applications of time dependent variational inequalities@f李为,闫莉著@zeng
210    @a成都@c四川大学出版社@d2020.10
215    @a103页@d26cm
300    @a并列题名:Theories and applications of time dependent variational inequalities
330    @a本书研究了有限维空间中的微分逆变分不等式组、有限维空间中一类微分逆混合变分不等式,在一些合适的条件下,给出了可逆混合变分不等式的解集满足线性增长的条件和可逆混合变分不等式的解集的性质,得到的结论扩展并丰富了可逆混合变分不等式和可逆变分不等式的某些已有的结果。
510 1  @aTheories and applications of time dependent variational inequalities@zeng
606 0  @a变分不等式@x研究
690    @aO178@v5
701  0 @a李为@Ali wei@4著
701  0 @a闫莉@Ayan li@4著
801  0 @aCN@bBJSDL@c20211011
905    @b1330930-3@dO178@e111@f4
    
    时间依赖变分不等式的理论及应用=Theories and applications of time dependent variational inequalities/李为,闫莉著.-成都:四川大学出版社,2020.10
    103页;26cm
    并列题名:Theories and applications of time dependent variational inequalities
    
    ISBN 978-7-5690-3849-1:CNY28.00
    本书研究了有限维空间中的微分逆变分不等式组、有限维空间中一类微分逆混合变分不等式,在一些合适的条件下,给出了可逆混合变分不等式的解集满足线性增长的条件和可逆混合变分不等式的解集的性质,得到的结论扩展并丰富了可逆混合变分不等式和可逆变分不等式的某些已有的结果。
●
相关链接 在E读中查询图书 在五车中查询图书 在当当中查询图书 在豆瓣中查询图书


正题名:时间依赖变分不等式的理论及应用     索取号:O178/111         预约/预借

序号 登录号 条形码 馆藏地/架位号 状态 备注
1 1330930   213309301   第二样本阅览室/ [索取号:O178/111] 在馆    
2 1330931   213309310   第三借阅区/ [索取号:O178/111] 在馆    
3 1330932   213309329   第三借阅区/ [索取号:O178/111] 在馆    
4 1330933   213309338   第三借阅区/ [索取号:O178/111] 在馆    
唐山师范学院图书馆 欢迎您!
大连网信软件有限公司© 版权所有